000 00653nam a2200217Ii 4500
003 JO-AjNU
008 230605s9999||||xx |||||||||||||| ||und||
017 _a2009/5/1626
040 _aJO-AjNU
_bara
_erda
_cJO-AjNU
041 _aara
050 1 4 _aPJ7816.I83.H63 2009
100 3 _aالبيطار، فهمية,
_eauthor
_949082
245 0 0 _aالحب المصلوب
250 _aط1
264 3 1 _aاربد: مطبعة الروزنا، 2009
300 _a168ص
336 _atext
_btxt
_2rdacontent
337 _aunmediated
_bn
_2rdamedia
338 _avolume
_bnc
_2rdacarrier
650 4 _aالشعر العربي- العصر الحديث
_949083
999 _aA21536
_c25104
_d25104